Вып. 28 : Подземные горные работы; Разработка рудных месторождений

Podrobná bibliografie
Parent link:Разработка рудных месторождений: республиканский межведомственный научно-технический сборник. Вып. 28 : Подземные горные работы.— , 1966-1991.— 0486-0705
Další autoři: Астафьев Ю. П. (редактор)
Jazyk:ruština
Vydáno: 1979
Témata:
Médium: Kniha
KOHA link:https://koha.lib.tpu.ru/cgi-bin/koha/opac-detail.pl?biblionumber=332607

MARC

LEADER 00000nam2a2200000 4500
001 332607
005 20231102004455.0
035 |a (RuTPU)RU\TPU\book\358553 
035 |a RU\TPU\book\358550 
090 |a 332607 
100 |a 20170525d1979 k y0rusy50 ca 
101 0 |a rus 
102 |a UA 
105 |a a z 001zy 
200 0 |a Вып. 28 : Подземные горные работы  |f отв. ред. Ю. П. Астафьев 
210 |d 1979 
215 |a 90 с.  |c ил. 
320 |a Библиография в конце статей 
461 1 |0 (RuTPU)RU\TPU\book\178823  |x 0486-0705  |t Разработка рудных месторождений  |o республиканский межведомственный научно-технический сборник  |v Вып. 28 : Подземные горные работы  |d 1966-1991 
606 1 |a Руды  |x Добыча  |x Системы разработки, подземная  |x Оптимизация  |2 stltpush  |3 (RuTPU)RU\TPU\subj\26090  |9 50100 
610 1 |a рудные месторождения 
610 1 |a подземная разработка 
610 1 |a откаточные горизонты 
610 1 |a подэтажное обрушение 
610 1 |a промышленные испытания 
610 1 |a горные породы 
610 1 |a магнитные свойства 
610 1 |a сжатие 
610 1 |a штанговая крепь 
610 1 |a натяжение 
610 1 |a крутящий момент 
610 1 |a разработка с обрушением 
610 1 |a очистные устройства 
610 1 |a вентиляционные сети 
675 |a 622.34:622.272  |v 4 
702 1 |a Астафьев  |b Ю. П.  |4 340 
801 1 |a RU  |b 63413507  |c 20130110 
801 2 |a RU  |b 63413507  |c 20180208  |g RCR 
942 |c BK